Statistiques concernant Villes bretonnes en français

Cliquez ici pour prendre le quiz!

Statistiques générales

  • Ce quiz a été pris 37 fois
  • Le résultat moyen est 8 sur 20

Statistiques - réponses

En FrançaisEn Breton% Correct
RennesRoazhon
85%
BrestBrest
82%
QuimperKemper
68%
LorientAn Oriant
53%
BruzBruz
53%
VannesGwened
50%
DouarnenezDouarnenez
47%
MorlaixMontroulez
47%
Saint-BrieucSant-Brieg
38%
Saint-MaloSant-Maloù
38%
HennebontHenbont
32%
ConcarneauKonk-Kerne
32%
FougèresFelger
26%
VitréGwitreg
24%
GuipavasGwipavaz
21%
Cesson-SévignéSaozon-Sevigneg
18%
LannionLannuon
15%
PloemeurPlanvour
15%
LanderneauLandernev
9%
LanesterLannartsêr
6%

Distribution des résultats

Percentile par nombre de réponses

% des personnes avec chaque résultat

Votre développement - résultats

Vous n’avez pas pris ce quiz